Clinicopathological Study and Management of Primary Malignant Scapular Tumors 10 years National Cancer Institute experience / (رقم التسجيلة. 163908)

تفاصيل مارك
000 -LEADER
fixed length control field 03778nam a2200421Ia 4500
003 - CONTROL NUMBER IDENTIFIER
control field OSt
005 - أخر تعامل مع التسجيلة
control field 20260705145037.0
008 - FIXED-LENGTH DATA ELEMENTS--GENERAL INFORMATION
fixed length control field 2310s2022 ua a frm 000 engnd d
040 ## - CATALOGING SOURCE
Original cataloguing agency EG-EULC
Language of cataloging eng
Transcribing agency EG-EULC
Modifying agency EG-EULC
Description conventions rda
041 0# - LANGUAGE CODE
Language code of text/sound track or separate title eng
Language code of summary or abstract eng
-- ara
049 ## - Acquisition Source
Acquisition Source Deposit
082 ## - DEWEY DECIMAL CLASSIFICATION NUMBER
Classification number 610
092 ## - LOCALLY ASSIGNED DEWEY CALL NUMBER (OCLC)
Classification number 610
Edition number 21
097 ## - Degree
Degree M.Sc
099 ## - LOCAL FREE-TEXT CALL NUMBER (OCLC)
Local Call Number Cai01.19.04.M.Sc.2022.Ib.C
100 ## - MAIN ENTRY--PERSONAL NAME
Authority record control number or standard number Ibrahim Adel Mohammed Shaker,
Preparation preparation.
245 ## - TITLE STATEMENT
Title Clinicopathological Study and Management of Primary Malignant Scapular Tumors 10 years National Cancer Institute experience /
Statement of responsibility, etc. by Ibrahim Adel Mohammed Shaker ; Supervised Prof.Dr.Magdy Ibrahim Elsherbiny , Prof.Dr.Ihab Samy Fayek , Prof.Dr.Ibrahim Abdelrahman Ibrahim
246 ## - VARYING FORM OF TITLE
Title proper/short title دراسة باثولوجيه اكلينيكية وعلاجية للأورامالخبيثة الأولية لعظمة اللوح خبرة العشر سنوات الأخيرة بالمعهد القومي للأورام
264 #0 - PRODUCTION, PUBLICATION, DISTRIBUTION, MANUFACTURE, AND COPYRIGHT NOTICE
Date of production, publication, distribution, manufacture, or copyright notice 2022.
300 ## - PHYSICAL DESCRIPTION
Extent 147 p. :
Other physical details illustrations ;
Dimensions 25cm+
Accompanying material CD
336 ## - CONTENT TYPE
Source rda content
Content type term text
337 ## - MEDIA TYPE
Source rdamedia
Media type term Unmediated
338 ## - CARRIER TYPE
Source rdacarrier
Carrier type term volume
502 ## - DISSERTATION NOTE
Dissertation note Thesis (M.Sc.)-Cairo University,2022. Thesis (Ph.D)-Cairo University,2022.
504 ## - BIBLIOGRAPHY, ETC. NOTE
Bibliography, etc. note Bibliography: p. 124-144.
520 #3 - SUMMARY, ETC.
Summary, etc. Introduction: Primary malignant bone tumours of the scapula are very rare. Apart from limited small series and some case reports, international literature on flat bone sarcoma is exiguous and not much is known about the oncological outcome Aim of work: Reviewing clinicopathological features and surgical management of cases with primary malignant scapular tumors at NCI from January 2009 to December 2019. Patients and methods: This was a retrospective descriptive analysis involving 25 patients with primary malignant scapular tumors who were presented at National Cancer Institute (NCI), Cairo University (CU) over a period of 10 years from January 2009 to December2019 to discuss different clinicopathological CHARacteristics and surgical managements. Results: The Mean age of our patients was 33.4years old ranging from 9 to 86 year, males are 14 patients (56%) while only 11 patients (44%) are female, in our study and the results were chondrosarcoma in 14 patients (56.0), EWING/PNET in 7 patients (28.0%), Osteosarcoma in 2 patients (8.0%), spindle cell sarcoma in 1 patient (4.0) and Aneurysmal bone cyst in 1 patient (4.0%).Also there were 13 patients (52.0%) treated with type IIA resection , 6 patients (24%) treated with type IIIB resection and only 1 patient (4.0%) treated with type IVB resection.in addition , there were another 5 patients (20.0%) had no surgical intervention due to very poor general condition and metastatic nature. Overall survival at 6 months was 92% and was 88%, 75.4% and 65.4% at first year, 3rd year and 5 th year respectively Conclusion: Primary malignant scapular tumor is usually rare, early diagnosis is very important, as surgical excision with wide negative margin (limb sparing surgery) is the main line of treatment in most of cases and to decrease recurrence rate, otherwise palliative treatment and forequarter amputation may be indicated
530 ## - ADDITIONAL PHYSICAL FORM AVAILABLE NOTE
Issues CD Issues also as CD.
546 ## - LANGUAGE NOTE
Text Language Text in English and abstract in Arabic & English.
650 ## - SUBJECT ADDED ENTRY--TOPICAL TERM
Topical term or geographic name entry element Cancer
653 ## - INDEX TERM--UNCONTROLLED
Uncontrolled term tumors
700 ## - ADDED ENTRY--PERSONAL NAME
Personal name Magdy Ibrahim Elsherbiny
Relator term thesis advisor.
700 ## - ADDED ENTRY--PERSONAL NAME
Personal name Ihab Samy Fayek
Relator term thesis advisor.
700 ## - ADDED ENTRY--PERSONAL NAME
Personal name Ibrahim Abdelrahman Ibrahim
Relator term thesis advisor.
900 ## - Thesis Information
Grant date 01-01-2022
Supervisory body Magdy Ibrahim Elsherbiny
-- Ihab Samy Fayek
-- Ibrahim Abdelrahman Ibrahim
Universities Cairo University
Faculties National Cancer Institute
Department Department of surgical oncology
905 ## - Cataloger and Reviser Names
Cataloger Name Shimaa
942 ## - ADDED ENTRY ELEMENTS (KOHA)
Koha item type Thesis
Source of classification or shelving scheme Dewey Decimal Classification
المقتنيات
Source of classification or shelving scheme Home library Current library Date acquired Inventory number Full call number Barcode Date last seen Effective from Koha item type
Dewey Decimal Classification المكتبة المركزبة الجديدة - جامعة القاهرة قاعة الرسائل الجامعية - الدور الاول 11.02.2024 85988 Cai01.19.04.M.Sc.2022.Ib.C 01010110085988000 30.10.2023 30.10.2023 Thesis
Cairo University Libraries Portal Implemented & Customized by: Eng. M. Mohamady Contacts: new-lib@cl.cu.edu.eg | cnul@cl.cu.edu.eg
CUCL logo CNUL logo
© All rights reserved — Cairo University Libraries
CUCL logo
Implemented & Customized by: Eng. M. Mohamady Contact: new-lib@cl.cu.edu.eg © All rights reserved — New Central Library
CNUL logo
Implemented & Customized by: Eng. M. Mohamady Contact: cnul@cl.cu.edu.eg © All rights reserved — Cairo National University Library